Quizzes
Events
Quiz Creation
Community
Videos
Private Events
Remove Ads
Sign In
Join for FREE
Feedback
Dark Mode
Quiz Categories
Sports
Geography
Music
Movies
Television
Just For Fun
Miscellaneous
History
Literature
Language
Science
Gaming
Entertainment
Religion
Holiday
For Kids
Quiz Lab
Recent
Popular Today
Quiz Kudos Today
Editor Picks
Curator Picks
Quizzes by...
Day
Popularity
Type
Ratings
Length
Year
Community
Subscriptions
Recent Discussions
Orange Saloon
Badges
Playlists
Quests
Create
Leaderboards
Showdown
Live 5
Trivia Bingo
Activity
Puzzle Library
Sporcle Events
Private Events
Virtual Trivia
Globe League
Become a Host
Pub Owners
SporcleCon
Opinionation
Our Games
Videos
Blog
Mobile Apps
Partnerships
Remove Ads and Go Orange
Feedback
Miscellaneous
Crossword
General Knowledge
Baby Names
Logo
Food
Cars
Numbers
Grab Bag
University
College
Popular
Company
Slogans
Restaurants
Justice
Letter
Miscellaneous
Crossword
General Knowledge
Baby Names
Logo
Food
Cars
Numbers
Grab Bag
University
College
Popular
Company
Slogans
Restaurants
Justice
Letter
Random Quiz
Search Sporcle
×
Quiz Lab
Quiz Lab
Miscellaneous
Different
Type in answers that appear in a list
Type in answers that appear in a list
Classic
Best Score? Go Orange.
English Words That Are Different In American Stats
Can you name the English Words That Are Different In American?
By
SquadSmith
7m
34 Questions
192 Plays
192 Plays
192 Plays
Comments
Comments
Give Quiz Kudos
Give Quiz Kudos
-
- Ratings
hide this ad
Forced Order
Answers have to be entered in order
Answers have to be entered in order
Replay
Link that replays current quiz
Next Quiz
Link to next quiz in quiz playlist
You Got
0%
They Got
Avg Score
71%
Avg Friend Score
Upgrade to see
Score Distribution
Jump to the score distribution portion of the page
Score
0/34
Timer
07:00
0
Plays Today
English
American
% Correct
Holiday
Vacation
95.3%
Petrol
Gas
94.3%
Autumn
Fall
94.3%
Trousers
Pants
93.8%
Football
Soccer
93.8%
Lift
Elevator
92.7%
Film
Movie
92.2%
Jam
Jelly
87.5%
Pavement
Sidewalk
87%
Postcode
Zip code
85.9%
Headmaster /
Headmistress
Principal
82.8%
Wardrobe
Closet
82.8%
Dustbin
Garbage can
81.8%
Postman/
Postwoman
Mailman
81.3%
Torch
Flashlight
80.7%
Nappy
Diaper
80.2%
Trainers
Sneakers
78.1%
English
American
% Correct
Jumper
Sweater
76%
Rubber
Eraser
74.5%
Spanner
Wrench
64.6%
Garden
Yard
64.6%
Candyfloss
Cotton candy
64.1%
Crisps
Potato Chips
63%
Tin
Can
63%
Porridge
Oatmeal
60.9%
Jelly
Jello
60.4%
Ground Floor
First Floor
56.8%
Silencer (on a car)
Muffler
51.6%
Pram
Stroller
49.5%
Jacket potato
Baked potato
47.9%
Bathroom
Restroom
42.7%
Plug socket
Electrical outlet
37.5%
Primary school
Kindergarten
35.4%
Class
Grade
26.6%
Quiz Playlist
Details
Report
Send in Message
Add To Playlist
Classic:
Type in answers that appear in a list
Forced Order:
Answers have to be entered in order
Last Updated: Feb 16, 2017
Quiz Scoreboard
CHALLENGE
Sign Up to Join the Scoreboard
Show All
Scores
Hide
Comments
May contain spoilers
Recently Published
9x9 Crossword: Cartoon Network
by jackfrog10
Miscellaneous
3m
College Basketball Coaching Resumes
by pancakes188
Sports
9m
Billboard Blitz: Fleetwood Mac
by CooCooCachoo
Music
15s
More to Explore
Quiz From the Vault
Featured Blog Post
Where Did the Easter Bunny Come From?
hide this ad
You Might Also Like...
Tags
America
Different
English
English Words
Today's Top Quizzes in Miscellaneous
Browse Miscellaneous
hide this ad
Today's Top Quizzes in Different
Browse Different
Top Contributed Quizzes in Miscellaneous
1
5-to-1: Fast Food
2
The JOE quick-fire general knowledge quiz: Day 174
3
The JOE quick-fire general knowledge quiz: Day 173
4
5-to-1: Cocktails
5
The JOE quick-fire general knowledge quiz: Day 172
6
Sunday Crossword: Famous Bodies of Water
7
9x9 Crossword: Disney Movie Titles
8
The JOE quick-fire general knowledge quiz: Day 171
9
Named After an Animal - Odd One Out!
10
One Thing in Common: United Kingdom II
Explore More
Trending Topics
Marvel
Harry Potter
Disney
NBA
Anime
Kpop
Crossword
Song
Country
Pokémon
The Office
WWE
Soccer
Puzzle
NFL
hide this ad
More By:
SquadSmith
Quiz
Plays
Rating
Category
Featured
Created
French: Etre
2,676
3.86
Language
Jun 27, 2011
Kings and Queens of England Since 1066
1,116
3.63
History
Jul 2, 2011
Sherlock Holmes
978
3.29
Literature
Jun 24, 2011
WW2 British Aircraft
880
4.00
History
Jun 23, 2011
Survive the Disasters!
254
3.00
Miscellaneous
Aug 9, 2011
Go to Creator's Profile
Score Distribution
Quiz Creator Spotlight
SquadSmith
Follow
Send a Message
Quizzes Created
-
Created Quiz Play Count
-
More By This Creator
Popular Quizzes Today
1
Find the US States - No Outlines Minefield
2
Find the Countries of Europe - No Outlines Minefield
3
The Countries of the World
4
Find the US States
5
Risky Map Clicking: Biggest States A-Z
6
US States
7
Popular People in 1961
8
Movies - When Are They Set?
More Miscellaneous Quizzes
'New' Things
Published
Trending Quizzes
Risky Map Clicking: Least Populous States A-Z
1-10 Letter G Words
Risky Map Clicking: Next State Alphabetically
Adjectives in 80s TV Shows
Risky Map Clicking: Biggest States A-Z
Recently Updated
Leaping Animals
pecheneg
Reality TV Shows (A-Z)
bhenderson79
Rickey Henderson's Hall of Fame Teammates
pecheneg
Champions League XIs: Arsenal
pecheneg
Quick Pick: Celebrities in WWE's Hall of Fame
aduchscher
A-Z Keypad Blitz II
pecheneg
Multiple Oscar Actors
pecheneg
Mystery Phrase Blitz: Oscar 'Best Actors'
pecheneg
F. Scott Fitzgerald Novels
LTH
Pick 3 Villains
ddd62291
Trending Topics
NBA
Disney
Marvel
Kpop
Anime
Crossword
Harry Potter
The Office
Song
NFL
WWE
Puzzle
Pokémon
Soccer
Country
Your Account Isn't Verified!
In order to create a playlist on Sporcle, you need to verify the email address you used during registration. Go to your
Sporcle Settings
to finish the process.
Report this User
Report this user for behavior that violates our
Community Guidelines
.
Details:
Send Report
Go to the Sporcle.com Mobile Site →
Comments